Prístupy k posudzovaniu faktorov ovplyvňujúcich priame zahraničné investície so zameraním na daňové činitele

Gespeichert in:
Bibliographische Detailangaben
1. Verfasser: Schultzová, Anna
Format: Buchkapitel
Sprache:Slowakisch
Tags: Tag hinzufügen
Keine Tags, Fügen Sie das erste Tag hinzu!

MARC

LEADER 00000nla$a2200000$$$4500
001 0087704
005 20240502083228.9
041 0 |a slo 
044 |a CZ 
245 1 0 |a Prístupy k posudzovaniu faktorov ovplyvňujúcich priame zahraničné investície so zameraním na daňové činitele  |c Anna Schultzová 
100 1 |a Schultzová, Anna